Govt. of
Madhya Pradesh

राममनोहर लोहिया रचनावली (Record no. 55921)

MARC details
000 -LEADER
fixed length control field 00563nam a22001577a 4500
003 - CONTROL NUMBER IDENTIFIER
control field MACL
005 - DATE AND TIME OF LATEST TRANSACTION
control field 20170117172441.0
008 - FIXED-LENGTH DATA ELEMENTS--GENERAL INFORMATION
fixed length control field 170117b xxu||||| |||| 00| 0 eng d
040 ## - CATALOGING SOURCE
Transcribing agency MACL
082 ## - DEWEY DECIMAL CLASSIFICATION NUMBER
Classification number 800/RAM
100 ## - MAIN ENTRY--PERSONAL NAME
Personal name राममनोहर लोहिया
9 (RLIN) 66544
245 ## - TITLE STATEMENT
Title राममनोहर लोहिया रचनावली
Remainder of title विचार ओर टिप्प
260 ## - PUBLICATION, DISTRIBUTION, ETC. (IMPRINT)
Place of publication, distribution, etc. नई दिल्‍ली
Name of publisher, distributor, etc. अनामिका पब्लिशर्स
Date of publication, distribution, etc. 2013
650 ## - SUBJECT ADDED ENTRY--TOPICAL TERM
Topical term or geographic name as entry element रचनावली
9 (RLIN) 163
942 ## - ADDED ENTRY ELEMENTS (KOHA)
Source of classification or shelving scheme
Koha item type Hindi Books

No items available.